Chỉ dẫn sử dụng các mẫu văn bản, giấy tờ
Tuyển chọn, hướng dẫn sử dụng các mẫu văn bản, giấy tờ thuộc 7 lĩnh vực: mẫu văn bản quy phạm pháp luật, văn bản hợp đồng, đăng kí kinh doanh, thuế, hoá đơn.....
Gardado en:
| Formato: | Libro |
|---|---|
| Idioma: | Undetermined |
| Publicado: |
Hà Nội
Lao Động
2004
|
| Những chủ đề: | |
| Các nhãn: |
Engadir etiqueta
Sen Etiquetas, Sexa o primeiro en etiquetar este rexistro!
|
| Thư viện lưu trữ: | Trung tâm Học liệu Trường Đại học Cần Thơ |
|---|
| LEADER | 00863nam a2200193Ia 4500 | ||
|---|---|---|---|
| 001 | CTU_93675 | ||
| 008 | 210402s9999 xx 000 0 und d | ||
| 020 | |c 280000 | ||
| 082 | |a 651.29 | ||
| 082 | |b Ch300 | ||
| 245 | 0 | |a Chỉ dẫn sử dụng các mẫu văn bản, giấy tờ | |
| 245 | 0 | |c Thy Anh, Tuấn Dương biên soạn | |
| 260 | |a Hà Nội | ||
| 260 | |b Lao Động | ||
| 260 | |c 2004 | ||
| 520 | |a Tuyển chọn, hướng dẫn sử dụng các mẫu văn bản, giấy tờ thuộc 7 lĩnh vực: mẫu văn bản quy phạm pháp luật, văn bản hợp đồng, đăng kí kinh doanh, thuế, hoá đơn..... | ||
| 650 | |a Office practice | ||
| 904 | |i Trọng Hải (sửa số pl 651.29/A107 thành 651.29/Ch300) | ||
| 980 | |a Trung tâm Học liệu Trường Đại học Cần Thơ | ||